000 01120nab a2200217 i 4500
001 768714001
003 CO-MdFUSB
005 20240506124502.0
008 240506t1968 sp ||||| |||| 00| 0 spa d
040 _bspa
_cCO-MdFUSB
_dCO-MdFUSB
041 _aspa
100 _aSchlier, Heinrich,
_eautor
245 _aRasgos fundamentales de una teología de la palabra de Dios en el Nuevo Testamento
_c/ H. Schlier
520 _aTodo el argumento sobre la palabra de Dios proviene del Nuevo Testamento, que Dios se ha hecho a sí mismo en Su Palabra. Dios finalmente se expresó en la persona y la historia de Jesús; Con él entró en la historia el Verbo, al que la creación debe su existencia; Con él la palabra de la alianza de Dios con Israel alcanzó su cumplimiento histórico.
650 7 _aTeología pastoral
_9227
650 7 _aDios
_9178
653 _aNuevo Testamento
773 0 _049450
_982593
_oR2523
_tRevista internacional de teología Concilium
_w(CO-MdFUSB)8
_x0210-1041
_gNúmero 33, (marzo, 1968), páginas: 363 - 373
_qpágina: 363
942 _cANA
945 _aCatherine Arias Alvarez - Practicante SENA
999 _c69520
_d69520